LEADER 00919nam0-22003251i-450- 001 990006835060403321 005 20001010 035 $a000683506 035 $aFED01000683506 035 $a(Aleph)000683506FED01 035 $a000683506 100 $a20001010d--------km-y0itay50------ba 101 0 $aita 105 $ay-------001yy 200 1 $a!Claro que si! Curso de espanol para italianos$fJose' Perez Navarro, Carla Polettini. 205 $aNuova ed. 210 $aMilano$cMasson$d1995. 215 $a2 v. 25 cm 300 $av. 1, 2. 700 1$aPérez Navarro,$bJosé$0388751 702 1$aPolettini,$bCarla 801 0$aIT$bUNINA$gRICA$2UNIMARC 901 $aBK 912 $a990006835060403321 952 $aXV SB 18 (I)$b29467$fFSPBC 952 $aXV SB 18 (II)$b29468$fFSPBC 959 $aFSPBC 996 $aClaro que si! Curso de espanol para italianos$9626392 997 $aUNINA DB $aGEN01 LEADER 01119nam 2200313Ia 450 001 996384236903316 005 20221102114057.0 035 $a(CKB)1000000000584183 035 $a(EEBO)2240962442 035 $a(OCoLC)12544586 035 $a(EXLCZ)991000000000584183 100 $a19850913d1641 uy | 101 0 $aeng 135 $aurbn||||a|bb| 200 04$aThe Bishops last vote in Parliament, or, Their supersedeas from both Houses in February, 1641$b[electronic resource] $ewho are now wished to attend their flocks, seeing they have time and leasure : or if they will to preach in the tower 210 $aLondon $cPrinted for Iohn Thomas$d1641 215 $a[8] p 300 $aA satire. 300 $aReproduction of original in Thomason Collection, British Library. 330 $aeebo-0158 606 $aBishops$zEngland$vAnecdotes 615 0$aBishops 801 0$bEAA 801 1$bEAA 801 2$bWaOLN 906 $aBOOK 912 $a996384236903316 996 $aThe bishops last vote in Parliament. Or, Their supersedeas from both Houses, in February, 1641$92388581 997 $aUNISA LEADER 04130nam 22006975 450 001 9910255042103321 005 20250718165818.0 010 $a9781137563118 010 $a1137563117 024 7 $a10.1057/978-1-137-56311-8 035 $a(PPN)286423685 035 $a(DE-He213)978-1-137-56311-8 035 $a(MiAaPQ)EBC4732573 035 $a(Perlego)3501263 035 $a(CKB)3710000000939319 035 $a(EXLCZ)993710000000939319 100 $a20161103d2017 u| 0 101 0 $aeng 135 $aurnn#008mamaa 181 $ctxt$2rdacontent 182 $cc$2rdamedia 183 $acr$2rdacarrier 200 10$aAfrican American Men and the Labor Market during the Great Recession /$fby Michelle Holder 205 $a1st ed. 2017. 210 1$aNew York :$cPalgrave Macmillan US :$cImprint: Palgrave Macmillan,$d2017. 215 $a1 online resource (XVII, 95 p. 2 illus. in color.) 225 1 $aPalgrave Pivot 311 08$a9781137563101 311 08$a1137563109 320 $aIncludes bibliographical references and index. 327 $a1. The Position of African American Men in the US Labor Market Prior to the Great Recession for the Years 2002-2006 -- 2. African American Male Unemployment during the Great Recession in Comparison to Other Demographic Groups and Theoretical Considerations -- 3. African American Men?s Decline in Labor Market Status during the Great Recession -- 4. The Role of Policy in Improving African American Male Vulnerability in the Labor Market Where African American Men Stand Post-Recession in the Labor Market: Economic Theories Underlie Advocacy Efforts and Policy Approaches. 330 $aThis book analyzes the status and position of African American men in the U.S. labor market prior to, during, and after the Great Recession. Using a model of occupational crowding, the book outlines how the representation of African American men in major occupational categories almost universally declined during the recent recession even as white non-Hispanic men were able to maintain their occupational representation in the face of staggering job losses. Using US Census Bureau data, this book illustrates how African American men sought to insulate their group from devastating job losses by increasing their educational attainment in a job market where employers exercised more leverage in hiring. However, this strategy was unable to protect this group from disparate job losses as African American men became further marginalized in the workforce during the Great Recession. Policy approaches to address high African American male unemployment are outlined in the final chapter. Michelle Holder is Assistant Professor at John Jay College, City University of New York, USA. Prior to joining academia, she worked as an applied economist. Her reports have received coverage by The Wall Street Journal, The Washington Post, El Diario, and the New York Amsterdam News. Holder possesses a PhD from the New School for Social Research and a BA from Fordham University, both in economics. 410 0$aPalgrave pivot. 606 $aRegional economics 606 $aSpace in economics 606 $aRace 606 $aSex 606 $aLabor economics 606 $aMacroeconomics 606 $aRegional and Spatial Economics 606 $aRace and Ethnicity Studies 606 $aGender Studies 606 $aLabor Economics 606 $aMacroeconomics and Monetary Economics 615 0$aRegional economics. 615 0$aSpace in economics. 615 0$aRace. 615 0$aSex. 615 0$aLabor economics. 615 0$aMacroeconomics. 615 14$aRegional and Spatial Economics. 615 24$aRace and Ethnicity Studies. 615 24$aGender Studies. 615 24$aLabor Economics. 615 24$aMacroeconomics and Monetary Economics. 676 $a338.9 700 $aHolder$b Michelle$4aut$4http://id.loc.gov/vocabulary/relators/aut$0950741 906 $aBOOK 912 $a9910255042103321 996 $aAfrican American Men and the Labor Market during the Great Recession$92149553 997 $aUNINA